| 000 | 00792cab a2200265 4500 | ||
|---|---|---|---|
| 001 | WB2323-26 | ||
| 008 | 090401t1987 xxu||||| |||| 00| 0 eng d | ||
| 035 | _a(Sirsi) u13002 | ||
| 041 | _aeng | ||
| 245 | _aAcquisitions continue | ||
| 260 | _c1987 | ||
| 350 | _a0 | ||
| 490 |
_aEstates Gazette _vvol 282 no 6337, 6/6/87 p1192 Chartered Surveyor W |
||
| 520 | _aDetails of further estate agency firms taken over by major financial institutions . | ||
| 650 | _aCONNELLS | ||
| 650 | _aGENERAL ACCIDENT | ||
| 650 | _aGLENTREE ESTATES | ||
| 650 | _aHALIFAX BUILDING SOCIETY | ||
| 650 | _aPRUDENTIAL PROPERTY SERVICES | ||
| 650 | _aSHIELD GROUP | ||
| 650 | _aWILLIAM H BROWN | ||
| 690 | _aMANAGEMENT-BUSINESS MANAGEMENT-PROFESSIONAL PRACTICE | ||
| 942 | _n0 | ||
| 948 | _c04/03/1997 | ||
| 999 |
_c8355 _d8355 |
||